Los países más cercanos a Borneo - Estadísticas

Estadísticas generales
  • Esta prueba ha sido intentada 32 veces
  • La puntuación promedio es 18 de 20
Estadísticas de respuestas
km país % Correcto
2023 Japón
100%
1314 Laos
100%
1593 Australia
97%
1045 Camboya
97%
1464 China
97%
1782 India
97%
2482 Papua Nueva Guinea
97%
534 Singapur
97%
882 Vietnam
97%
2793 Bangladés
93%
37 Filipinas
93%
1497 Myanmar
93%
931 Tailandia
93%
3061 Corea del Sur
90%
1703 Taiwán
86%
3071 Sri Lanka
79%
1094 Timor-Leste
79%
1646 Palaos
76%
3332 Bután
72%
2128 Micronesia
72%
No se encontraron pruebas coincidentes
Distribución de puntuación
Porcentaje de gente con cada puntuación
Porcentaje por número respondido
Historial de tus puntuaciones
No has intentado esta prueba.